000 00688nam a2200289Ia 4500
005 20260324133448.0
008 008 260324s9999 xx 000 0 eng d
020 _a9780080517421
037 _aEBOOK
040 _aCRL
040 _beng
040 _cCRL
041 _2eng
041 _aeng
084 _qCRL
100 _aAlec Nisbett
_91193189
245 0 _aSound Studio
245 0 _bAudio techniques for Radio, Television, Film and Recording
260 _bTaylor and Francis
260 _c2003
365 _a
365 _b300
856 _uhttp://www.taylorfrancis.com/books/9780080517421
942 _cEBOOK
999 _c1792238
_d1792238